Memorial de Santa Elena
Đã lưu trong:
| Tác giả chính: | |
|---|---|
| Định dạng: | Sách |
| Ngôn ngữ: | Tiếng Tây Ban Nha |
| Được phát hành: |
Barcelona
Iberia
1954
|
| Loạt: | Obras maestras
|
| Những chủ đề: | |
| Các nhãn: |
Thêm thẻ
Không có thẻ, Là người đầu tiên thẻ bản ghi này!
|
MARC
| LEADER | 00000nam a2200000 a 4500 | ||
|---|---|---|---|
| 001 | UCY8258 | ||
| 003 | CL-VaPUC | ||
| 008 | 950703e19540000SP |||||||||||||||||spa|d | ||
| 082 | 0 | 4 | |a 944.05 |b LAS |2 21 |
| 100 | 0 | |a Las Cases, Conde de |e author |9 339514 | |
| 245 | 1 | 0 | |a Memorial de Santa Elena |
| 300 | |a 3 v | ||
| 942 | |c BK | ||
| 945 | |d 19950703 00:00:00 |a rbrito | ||
| 260 | |a Barcelona |b Iberia |c 1954 | ||
| 600 | 0 | |a Bonaparte, Napoleón |9 317802 | |
| 650 | 0 | |a Imperialismo |9 258264 | |
| 650 | 0 | |a Biografías |9 255210 | |
| 583 | |a last modification |c 20150113 05:27:56 |k Rodrigo Vera | ||
| 490 | 0 | |a Obras maestras | |
| 999 | |c 235533 |d 235531 | ||
| 952 | |0 0 |1 0 |4 0 |6 944_050000000000000_LAS_1954 |7 0 |8 A |9 243026 |a BIBHIS |b BIBHIS |d 2019-11-18 |h v.1 |i 3098842 |o 944.05 LAS 1954 |p 3098842 |r 2025-01-20 |w 2019-11-18 |y BK |k HIS | ||
| 952 | |0 0 |1 0 |4 0 |6 944_050000000000000_LAS_1954 |7 0 |8 A |9 243027 |a BIBHIS |b BIBHIS |d 2019-11-18 |h v.2 |i 3098850 |o 944.05 LAS 1954 |p 3098850 |r 2025-01-20 |w 2019-11-18 |y BK |k HIS | ||
| 952 | |0 0 |1 0 |4 0 |6 944_050000000000000_LAS_1954 |7 0 |8 A |9 243028 |a BIBHIS |b BIBHIS |d 2019-11-18 |h v.3 |i 3098834 |o 944.05 LAS 1954 |p 3098834 |r 2025-01-20 |w 2019-11-18 |y BK |k HIS | ||
| 952 | |0 0 |1 0 |4 0 |6 944_050000000000000_LAS_1954 |7 0 |8 A |9 243029 |a BIBART |b BIBART |d 2019-11-18 |h v.3 |i 1206737 |o 944.05 LAS 1954 |p 1206737 |r 2025-03-13 |w 2019-11-18 |y BK |k ART | ||